Teste rápido de matemática - Teste curto de matemática - Quiz 12 - Statistics

Estatísticas Gerais
  • Esse quiz foi jogado 62 vezes
  • A pontuação média é 14 de 15
Estatísticas das Respostas
Hint Resposta % Correto
1 x 9 = 9
100%
2 x 9 = 18
98%
5 x 9 = 45
98%
10 x 9 = 90
98%
11 x 9 = 99
98%
3 x 9 = 27
96%
4 x 9 = 36
96%
8 x 9 = 72
96%
9 x 9 = 81
96%
6 x 9 = 54
93%
7 x 9 = 63
93%
12 x 9 = 108
91%
13 x 9 = 117
85%
14 x 9 = 126
83%
15 x 9 = 135
76%
Nenhum quiz correspondente encontrado
Distribuição das Pontuações
Porcentagem de Pessoas com Cada Pontuação
Percentil de Números Respondidos
Sua Pontuação Histórica
Você não jogou esse quiz